|
|
|
|
| LEADER |
00000nam0a2200000 4500 |
| 001 |
147734 |
| 005 |
20231101221319.0 |
| 010 |
|
|
|a 9785468001592
|
| 035 |
|
|
|a (RuTPU)RU\TPU\book\160123
|
| 090 |
|
|
|a 147734
|
| 100 |
|
|
|a 20081120d2008 m y0rusy50 ca
|
| 101 |
0 |
|
|a rus
|
| 102 |
|
|
|a RU
|
| 105 |
|
|
|a a j 000zd
|
| 200 |
1 |
|
|a Экономика развития : модели становления рыночной экономики
|e учебник для вузов
|f Р. М. Нуреев
|
| 205 |
|
|
|a 2-е изд., перераб. и доп.
|
| 210 |
|
|
|a Москва
|c Норма
|d 2008
|
| 215 |
|
|
|a 640 с.
|c ил.
|
| 330 |
|
|
|a Курс «Экономика развития: модели становления рыночной экономики» — первый российский учебник по данной дисциплине. Основу учебника составляют лекции, прочитанные автором в ГУ—ВШЭ, Национальном институте «Высшая школа управления», Московском, Новосибирском, Красноярском и Тамбовском государственных университетах и ряде других вузов России и получившие широкую известность благодаря публикациям в журнале «Вопросы экономики». Рассматриваются кейнсианские, неоклассические, институциональные и леворадикальные модели становления рыночной экономики, анализируются новейшие тенденции в экономике развития, истоки южно-корейского и китайского «экономического чуда». Достоинство учебника состоит в том, что проблемы России даны в контексте экономики развития. Предлагается оригинальная стратегия и тактика российской экономической модернизации. Для студентов, аспирантов и преподавателей экономических вузов и факультетов, всех интересующихся актуальными проблемами современной экономической науки.
|
| 600 |
|
1 |
|a Мюрдаль
|b К. Г.
|c шведский экономист
|c нобелевский лауреат
|f 1898-1987
|g Карл Гуннар
|2 stltpush
|3 (RuTPU)RU\TPU\pers\10553
|9 2244
|
| 600 |
|
1 |
|a Валлерстайн
|b И.
|c американский историк
|c социолог
|f 1930-
|g Иммануил
|2 stltpush
|3 (RuTPU)RU\TPU\pers\17740
|9 6595
|
| 600 |
|
1 |
|a Солоу
|b Р. М.
|c американский экономист
|c нобелевский лауреат
|f 1924-
|g Роберт Мертон
|2 stltpush
|3 (RuTPU)RU\TPU\pers\10581
|9 2258
|
| 606 |
1 |
|
|a Рыночная экономика
|x Теория
|2 stltpush
|3 (RuTPU)RU\TPU\subj\26444
|9 50370
|
| 610 |
1 |
|
|a модели
|
| 610 |
1 |
|
|a кейнсианские модели
|
| 610 |
1 |
|
|a неоклассические модели
|
| 610 |
1 |
|
|a институциональные концепции
|
| 610 |
1 |
|
|a генезис
|
| 610 |
1 |
|
|a новые модели
|
| 610 |
1 |
|
|a человеческий капитал
|
| 610 |
1 |
|
|a рынок труда
|
| 610 |
1 |
|
|a бедность
|
| 610 |
1 |
|
|a доходы
|
| 610 |
1 |
|
|a рынок земли
|
| 610 |
1 |
|
|a аграрные реформы
|
| 610 |
1 |
|
|a капитал
|
| 610 |
1 |
|
|a финансовые рынки
|
| 610 |
1 |
|
|a политическая экономия
|
| 610 |
1 |
|
|a экономическая политика
|
| 610 |
1 |
|
|a глобализация
|
| 610 |
1 |
|
|a Южная Корея
|
| 610 |
1 |
|
|a экономический рост
|
| 610 |
1 |
|
|a Китай
|
| 610 |
1 |
|
|a Россия
|
| 610 |
1 |
|
|a модернизация
|
| 686 |
|
|
|a У011.31я73
|v LBC/SL-A
|2 rubbk
|
| 700 |
|
1 |
|a Нуреев
|b Р. М.
|g Рустем Махмутович
|
| 801 |
|
1 |
|a RU
|b 63413507
|c 20081120
|g PSBO
|
| 801 |
|
2 |
|a RU
|b 63413507
|c 20120319
|g PSBO
|
| 900 |
|
|
|a Экономика
|
| 900 |
|
|
|a История экономики
|
| 900 |
|
|
|a История экономики и экономических учений
|
| 942 |
|
|
|c BK
|
| 959 |
|
|
|a 111/20081114
|d 1
|e 379,90
|f ЧЗГЛ:1
|